| 000 | 00514nam a2200193Ia 4500 | ||
|---|---|---|---|
| 005 | 20250508154805.0 | ||
| 008 | 008 250505s9999 xx 000 0 eng d | ||
| 037 | _aTextual | ||
| 040 |
_aFEDL _beng _cFEDL |
||
| 041 |
_aeng _2eng |
||
| 084 |
_a428, MYH _qFEDL |
||
| 100 |
_aCrombie Isabel _9766081 |
||
| 245 | 0 | _aMy home in Hong Kong | |
| 245 | 0 | _cMy home; 17 | |
| 260 |
_aLondon, UK _bLongmans, Green and Co. _c1965 |
||
| 300 | _a17p | ||
| 942 |
_cTEXL _h428, MYH |
||
| 999 |
_c1352125 _d1352125 |
||